| 000 | 00436nam a2200109Ia 4500 | ||
|---|---|---|---|
| 008 | 160909s9999 xx 000 0 und d | ||
| 100 | _aVedenhaupt, Laura L. | ||
| 245 | _aAnalyzing the relationship between social media usage and ticket sales at small nonprofit performing arts organizations | ||
| 260 |
_bCapella University _c2016 |
||
| 650 | _aInformation Technology | ||
| 856 | _uhttp://pqdtopen.proquest.com/doc/1776776407.html?FMT=ABS | ||
| 999 |
_c303778 _d303778 |
||